Spain National Football Team Scorers 2010s - Statistics

General Stats
  • This quiz has been taken 1,145 times
    1,099 since last reset
  • The average score is 22 of 52
Answer Stats
Goals Last Player % Correct
8 2017 Andrès Iniesta
96%
24 2014 David Villa
96%
4 2013 Xavi
95%
15 2014 Fernando Torres
94%
1 2019 Pau Torres
93%
17 2019 Sergio Ramos
92%
1 2016 Gérard Piqué
89%
17 2019 Alvaro Morata
84%
2 2014 Sergio Busquets
84%
8 2017 Jordi Alba
82%
29 2017 David Silva
75%
17 2016 Pedro
75%
9 2014 Xabi Alonso
74%
1 2010 Carlès Puyol
72%
10 2016 Cesc Fàbregas
67%
10 2018 Diego Costa
67%
12 2018 Isco
60%
1 2018 Marco Asensio
55%
7 2014 Juan Mata
51%
5 2010 Fernando Llorente
46%
6 2018 Iago Aspas
45%
5 2019 Jesus Navas
45%
1 2018 Nacho
42%
3 2019 Saúl Ñíguez
41%
2 2018 Thiago Alcantara
38%
13 2019 Santi Cazorla
37%
8 2019 Rodrigo
33%
8 2013 Alvaro Negredo
32%
2 2016 Aritz Aduriz
29%
2 2019 Mikel Oyarzabal
29%
7 2013 Roberto Soldado
28%
1 2019 Dani Olmo
27%
1 2016 Sergi Roberto
26%
1 2013 Juanfran
25%
12 2019 Paco Alcacer
23%
6 2016 Nolito
20%
1 2019 Fabian Ruiz
16%
1 2018 Dani Ceballos
14%
1 2019 José Luis Gayá
14%
1 2019 Pablo Sarabia
14%
1 2017 Asier Illarramendi
13%
1 2014 Juan Bernat
13%
1 2016 Nacho Monreal
13%
1 2018 Marc Bartra
11%
1 2012 Adrián López
10%
1 2017 Gerard Deulofeu
10%
1 2018 Álvaro Odriozola
7%
3 2019 Gerard
7%
4 2017 Vitolo
6%
2 2015 Mario Gaspar
4%
1 2012 Markel Susaeta
4%
1 2018 Brais Méndez
3%
No matching quizzes found
Score Distribution
Percent of People with Each Score
Percentile by Number Answered
Your Score History
You have not taken this quiz since the last reset